| 000 | 009950000a22002290004500 | ||
|---|---|---|---|
| 020 | _a84-254-0761-3 | ||
| 041 | 0 | _aSPA | |
| 082 | 0 | 4 | _aG 302.3 A3331s |
| 100 | 1 | _aAlbert, Lucien (1949-) | |
| 245 | 1 | 0 | _aLas relaciones interpersonales : Manual del animador / Lucien Albert, Pierre Simon ; Montserrat Kirchner, Versión castellana |
| 260 | _aBarcelona, España : Herder | ||
| 300 | _a122 Pag. | ||
| 440 | 0 | _aCol. Biblioteca Psicosociología ; no.3a | |
| 500 | _aTítulo original : Interrelations humaines et les relations interpersonnalles. | ||
| 505 | 0 | 0 | _aSolución de un problema -- Ejercicio no verbal de cooperación -- Las comunicaciones escritas -- El ojo del espectador -- Formación de la sensibilidad -- Las influencias en el grupo -- El organigrama -- Experiencias de grupo |
| 650 | 1 | 4 | _aRELACIONES HUMANAS \ DINAMICA DE GRUPO |
| 001 | 1055 | ||
| 942 | _cBK | ||
| 999 |
_c32416 _d32416 |
||
| 336 |
_atexto _btxt _2rdacontent |
||
| 337 |
_2rdamedia _asin mediación _bn |
||
| 338 |
_2rdacarrier _avolumen _bnc |
||